[Event "Manhem Chessweek Elo"]
[Site "?"]
[Date "2018.08.11"]
[Round "1"]
[White "Berggren Torell, Harald"]
[Black "Degerfeldt, Sven"]
[Result "1-0"]
[WhiteElo "2120"]
[BlackElo "1954"]
[PlyCount "57"]

1. e4 c5 2. Nf3 d6 3. d4 cxd4 4. Nxd4 Nf6 5. Nc3 a6 6. f3 e6 7. Be3 Qc7 8. Qd2
b5 9. a3 Bb7 10. g4 Nc6 11. Nxc6 Bxc6 12. O-O-O Be7 13. Kb1 O-O 14. Ne2 Rfd8
15. g5 Nd7 16. Nd4 Bb7 17. Qf2 Rac8 18. Rg1 g6 19. h4 e5 20. Nb3 Nc5 21. h5 Rb8
22. Rh1 Re8 23. hxg6 fxg6 24. Bh3 Bd8 25. Nxc5 dxc5 26. Rd7 Qc6 27. Bg4 Re7 28.
Rxe7 Bxe7 29. Qh2 1-0

[Event "Manhem Chessweek Elo"]
[Site "?"]
[Date "2018.08.11"]
[Round "1"]
[White "Al Waeli, Laith"]
[Black "Moller, Mikael"]
[Result "1-0"]
[WhiteElo "2084"]
[BlackElo "1965"]
[PlyCount "67"]

1. d4 f5 2. c4 e6 3. g3 Nf6 4. Bg2 Be7 5. Nc3 O-O 6. Nf3 d6 7. O-O Qe8 8. Qd3
Nc6 9. Bf4 Bd8 10. e4 e5 11. dxe5 dxe5 12. Bd2 Qh5 13. Rfe1 Be7 14. Qe2 Bd6 15.
c5 Be7 16. exf5 Qxf5 17. Nxe5 Nxe5 18. Qxe5 Bxc5 19. Qxf5 Bxf5 20. Be3 Bd6 21.
Rad1 Ng4 22. Bd4 Bc8 23. Bd5+ Kh8 24. Ne4 Bb4 25. Re2 c6 26. Bb3 Bf5 27. h3 Nh6
28. g4 Nxg4 29. a3 Ba5 30. Nd6 Nh6 31. Re7 Rf6 32. Bxf6 gxf6 33. Nxf5 Nxf5 34.
Rxb7 1-0

[Event "Manhem Chessweek Elo"]
[Site "?"]
[Date "2018.08.11"]
[Round "1"]
[White "Bohlin, Jan"]
[Black "Fransson, Lennart"]
[Result "0-1"]
[WhiteElo "1941"]
[BlackElo "2024"]
[PlyCount "90"]

1. d4 f5 2. g3 Nf6 3. Bg2 e6 4. Nf3 Be7 5. O-O O-O 6. c4 d6 7. Nc3 Qe8 8. Re1
Qg6 9. e4 fxe4 10. Nxe4 Nxe4 11. Rxe4 Nc6 12. Nh4 Bxh4 13. Rxh4 e5 14. Be3 Bf5
15. Qd2 e4 16. f3 Rae8 17. fxe4 Bxe4 18. Re1 Bxg2 19. Kxg2 Re4 20. Rxe4 Qxe4+
21. Kg1 d5 22. Bf2 Qf3 23. b3 Nb4 24. Re3 Qf5 25. Qe2 Nc6 26. Re8 Qf7 27. Rxf8+
Kxf8 28. Qd3 g6 29. a3 Qf5 30. Qxf5+ gxf5 31. cxd5 Na5 32. b4 Nc4 33. Kg2 Nxa3
34. Be3 Nc2 35. Bd2 Ke7 36. Kf3 Kd6 37. Bf4+ Kxd5 38. Bxc7 Nxd4+ 39. Ke3 Nc2+
40. Kf4 Ke6 41. h3 Nxb4 42. Ba5 Nc6 43. Bc3 b5 44. g4 fxg4 45. hxg4 b4 0-1

[Event "Manhem Chessweek Elo"]
[Site "?"]
[Date "2018.08.11"]
[Round "1"]
[White "Jacobsson, Lennart"]
[Black "Bengtsson, Jonas"]
[Result "0-1"]
[WhiteElo "1721"]
[BlackElo "2086"]
[PlyCount "100"]

1. e4 c5 2. Nf3 e6 3. d4 cxd4 4. Qxd4 Nc6 5. Qd3 Nf6 6. c4 Nb4 7. Qe2 b5 8. e5
bxc4 9. Qd1 Ne4 10. Bxc4 Bc5 11. Be3 Bxe3 12. fxe3 Qb6 13. Qe2 O-O 14. O-O d5
15. Bb5 Rb8 16. Nd4 Ba6 17. a4 Bb7 18. Qe1 Qc5 19. Nd2 Nc2 20. Nxe4 dxe4 21.
Rc1 Nxe1 22. Rxc5 Nd3 23. Bxd3 exd3 24. Rd1 Be4 25. b3 Rfc8 26. Rxc8+ Rxc8 27.
Nb5 Rc2 28. g3 Rg2+ 29. Kf1 Rxh2 30. Ke1 Re2+ 31. Kf1 Bg2+ 32. Kg1 d2 33. Nc3
Rxe3 34. Rxd2 Bd5 35. Nxd5 exd5 36. Rxd5 Kf8 37. b4 Rxg3+ 38. Kf2 Rb3 39. Rb5
Ke7 40. a5 h5 41. a6 h4 42. Rb7+ Ke6 43. b5 g5 44. Rb8 Ra3 45. Rb7 g4 46. Rxa7
g3+ 47. Kg2 Ra2+ 48. Kf1 g2+ 49. Kg1 h3 50. Kh2 Ra1 0-1

[Event "Manhem Chessweek Elo"]
[Site "?"]
[Date "2018.08.12"]
[Round "2"]
[White "Bohlin, Jan"]
[Black "Berggren Torell, Harald"]
[Result "1/2-1/2"]
[WhiteElo "1941"]
[BlackElo "2120"]
[PlyCount "40"]
[EventDate "2022.10.28"]

1. d4 Nf6 2. c4 c5 3. d5 e6 4. Nc3 exd5 5. cxd5 d6 6. Nf3 g6 7. Bf4 Nbd7 8. h3
a6 9. a4 Nh5 10. Bh2 Qe7 11. e3 Bg7 12. Be2 O-O 13. O-O f5 14. Nd2 Nhf6 15. Nc4
Ne8 16. Re1 Ne5 17. Qc2 Nxc4 18. Bxc4 Rb8 19. Rab1 a5 20. Rbd1 Bd7 1/2-1/2

[Event "Manhem Chessweek Elo"]
[Site "?"]
[Date "2018.08.12"]
[Round "2"]
[White "Fransson, Lennart"]
[Black "Bengtsson, Jonas"]
[Result "1-0"]
[WhiteElo "2120"]
[BlackElo "2086"]
[PlyCount "77"]

1. c4 Nf6 2. g3 c5 3. Bg2 d5 4. cxd5 Nxd5 5. Nc3 Nc7 6. Nf3 Nc6 7. O-O e5 8. b3
Be7 9. Bb2 O-O 10. Rc1 f6 11. Ne1 Bd7 12. Nd3 Rc8 13. f4 exf4 14. Nxf4 Kh8 15.
e3 Ne6 16. Ncd5 Nxf4 17. Rxf4 Be6 18. Nxe7 Qxe7 19. Qh5 Nb4 20. Be4 Bg8 21. Rh4
h6 22. Qg6 Nd5 23. Rh5 Qf7 24. Qxf7 Bxf7 25. Rxd5 Bxd5 26. Bxd5 Rfd8 27. e4 b6
28. g4 Kh7 29. Kf2 Rc7 30. d4 Rdc8 31. Be6 Re8 32. d5 Rce7 33. Rc2 h5 34. h4
hxg4 35. Kg3 Rd8 36. Kxg4 Rf8 37. h5 g6 38. hxg6+ Kxg6 39. Kf4 1-0

[Event "Manhem Chessweek Elo"]
[Site "?"]
[Date "2018.08.12"]
[Round "2"]
[White "Moller, Mikael"]
[Black "Jacobsson, Lennart"]
[Result "1-0"]
[WhiteElo "1965"]
[BlackElo "1721"]
[PlyCount "79"]

1. e4 e6 2. d4 d5 3. Nc3 Bb4 4. e5 c5 5. Bd2 cxd4 6. Nb5 Be7 7. Nf3 Nc6 8.
Nbxd4 Qb6 9. Nb3 f6 10. Bc3 f5 11. Qd2 Nh6 12. Bd3 Nf7 13. h3 Bd7 14. g4 g6 15.
gxf5 gxf5 16. Rg1 Bf8 17. Qe2 Qc7 18. Bxf5 Bh6 19. Nc5 Ke7 20. Bg4 Rhg8 21. Nd3
Raf8 22. Bd2 Bg7 23. O-O-O Rc8 24. Bc3 a6 25. Bh5 Bh6+ 26. Kb1 b5 27. Bxf7 Kxf7
28. Ng5+ Rxg5 29. Rxg5 Bxg5 30. Qh5+ Kf8 31. Qxg5 Be8 32. Rg1 Bg6 33. Nf4 Qf7
34. Qh6+ Ke7 35. Nxg6+ hxg6 36. Rxg6 Rg8 37. Qg5+ Kf8 38. Bb4+ Nxb4 39. Qd8+
Qe8 40. Rxg8+ 1-0

[Event "Manhem Chessweek Elo"]
[Site "?"]
[Date "2018.08.12"]
[Round "2"]
[White "Degerfeldt, Sven"]
[Black "Alwaeli, Laith"]
[Result "1/2-1/2"]
[WhiteElo "1954"]
[BlackElo "2084"]
[PlyCount "92"]

1. d4 d5 2. c4 e6 3. Nc3 Nf6 4. Nf3 Be7 5. e3 O-O 6. Bd3 c5 7. O-O Nc6 8. a3 a6
9. dxc5 Bxc5 10. b4 Bd6 11. cxd5 exd5 12. h3 Qe7 13. Qc2 Bd7 14. Bd2 Rac8 15.
Qb3 Be6 16. Qb2 Ne5 17. Nxe5 Bxe5 18. f4 Bb8 19. Ne2 Bd7 20. Qd4 Rfe8 21. Rfe1
Bc6 22. Ng3 Ne4 23. Nxe4 dxe4 24. Bc3 Qf8 25. Be2 Rcd8 26. Qc5 Qxc5 27. bxc5
Rd5 28. Bb4 Bc7 29. Rad1 Red8 30. Rxd5 Rxd5 31. Bc4 Rd8 32. Kf2 h6 33. Ke2 Bd5
34. Bxd5 Rxd5 35. Rd1 Rxd1 36. Kxd1 g5 37. f5 h5 38. g4 hxg4 39. hxg4 b5 40.
cxb6 Bxb6 41. Bd2 Kf8 42. Kc2 Ke7 43. Kb3 Kd6 44. Kc4 Kc6 45. a4 Ba7 46. Bc1
Bc5 1/2-1/2

[Event "Manhem Chessweek Elo"]
[Site "?"]
[Date "2018.08.13"]
[Round "3"]
[White "Alwaeli, Laith"]
[Black "Bohlin, Jan"]
[Result "1-0"]
[WhiteElo "2084"]
[BlackElo "1941"]
[PlyCount "45"]

1. Nf3 d5 2. c4 e6 3. d4 Nf6 4. Nc3 Bb4 5. Qa4+ Nc6 6. Bg5 dxc4 7. a3 Bxc3+ 8.
bxc3 Qd5 9. Bxf6 gxf6 10. Rb1 a6 11. g3 Bd7 12. Qc2 Na5 13. e4 Qd6 14. Bg2 Bc6
15. O-O O-O-O 16. Rfd1 Qd7 17. Rb4 b5 18. a4 Nb3 19. axb5 axb5 20. Nd2 Nxd2 21.
Qxd2 f5 22. exf5 Qd5 23. Bxd5 1-0

[Event "Manhem Chessweek Elo"]
[Site "?"]
[Date "2018.08.13"]
[Round "3"]
[White "Berggren Torell, Harald"]
[Black "Fransson, Lennart"]
[Result "1-0"]
[WhiteElo "2120"]
[BlackElo "2024"]
[PlyCount "69"]

1. e4 d5 2. exd5 Qxd5 3. Nf3 g6 4. d4 Bg7 5. c4 Qd8 6. Nc3 Nf6 7. Be2 O-O 8.
O-O c6 9. h3 Qc7 10. Be3 Nbd7 11. Qb3 Nh5 12. Rfd1 a6 13. d5 c5 14. Ng5 Nhf6
15. g3 Ne8 16. h4 Nd6 17. f4 Nf5 18. Bf2 Bd4 19. Nce4 Nf6 20. Qa3 h6 21. Nxf6+
exf6 22. Ne4 b6 23. Bg4 Bxf2+ 24. Kxf2 Nd4 25. Bxc8 Qxc8 26. Nxf6+ Kg7 27. Ne4
f6 28. Rxd4 cxd4 29. Qe7+ Rf7 30. Qxf7+ Kxf7 31. Nd6+ Ke7 32. Nxc8+ Rxc8 33.
Re1+ Kd6 34. Re6+ Kc5 35. Rxf6 1-0

[Event "Manhem Chessweek Elo"]
[Site "?"]
[Date "2018.08.13"]
[Round "3"]
[White "Bengtsson, Jonas"]
[Black "Moller, Mikael"]
[Result "1-0"]
[WhiteElo "2086"]
[BlackElo "1985"]
[PlyCount "79"]

1. d4 f5 2. g3 d6 3. Bg2 Nf6 4. Nf3 e6 5. c4 Be7 6. O-O O-O 7. Nc3 Qe8 8. b3
Nc6 9. d5 Nd8 10. dxe6 Nxe6 11. Bb2 Nc5 12. Qc2 Qh5 13. Rad1 a5 14. Nd5 Nxd5
15. cxd5 Bf6 16. Nd4 Bd7 17. e3 Rae8 18. a3 Re7 19. Rc1 Kh8 20. b4 axb4 21.
axb4 Ba4 22. Qb1 Bxd4 23. Bxd4 Nb3 24. Rcd1 Nxd4 25. Rxd4 Bb5 26. Rc1 Ra8 27.
Rf4 Rf7 28. Bf3 Qg6 29. e4 Ra3 30. exf5 Qf6 31. Re1 Rf8 32. Qe4 Ra1 33. Kg2
Rxe1 34. Qxe1 Ra8 35. Qe6 Qa1 36. Be2 Bxe2 37. Qxe2 h6 38. f6 gxf6 39. Qh5 Qe5
40. Qxh6+ 1-0

[Event "Manhem Chessweek Elo"]
[Site "?"]
[Date "2018.08.13"]
[Round "3"]
[White "Jacobsson, Lennart"]
[Black "Degerfeldt, Sven"]
[Result "1-0"]
[WhiteElo "1721"]
[BlackElo "1954"]
[PlyCount "137"]

1. e4 c5 2. Nf3 d6 3. d4 cxd4 4. Qxd4 a6 5. c4 Nc6 6. Qd3 e6 7. Nc3 Nf6 8. Be2
Be7 9. O-O O-O 10. Rd1 Qc7 11. h3 Ne5 12. Qd4 Nxf3+ 13. Bxf3 Bd7 14. Bg5 Bc6
15. Rac1 Qa5 16. Be3 Rac8 17. a3 Rfd8 18. Rb1 Qe5 19. Qxe5 dxe5 20. Bb6 Rxd1+
21. Rxd1 Be8 22. Be2 h6 23. g3 Bc6 24. f3 g5 25. Kf2 Nd7 26. Be3 Nf8 27. Bb6
Ng6 28. b4 Be8 29. Rd2 Nf8 30. Rd1 Nd7 31. Be3 Nf8 32. Bb6 f6 33. Be3 Bc6 34.
Bb6 Kg7 35. Be3 Be8 36. Bb6 Rc6 37. Be3 Rd6 38. Rxd6 Bxd6 39. c5 Bc7 40. Bd1
Bc6 41. a4 Bd7 42. Ke2 Bc8 43. Kd3 Ng6 44. Kc4 Ne7 45. b5 Ba5 46. Bd2 f5 47.
Nb1 Bc7 48. Bb4 Kf7 49. Nd2 Bd7 50. Nb3 f4 51. g4 axb5+ 52. axb5 Ke8 53. Na5
Bxa5 54. Bxa5 Ng6 55. Bc7 Kf7 56. Kb4 Ke7 57. Ka5 Bc8 58. Kb6 Kd7 59. Be2 Nh8
60. Bxe5 Nf7 61. Bg7 Kd8 62. Bc4 Kd7 63. Bd3 Kd8 64. e5 Kd7 65. Be4 Nd8 66.
Bxh6 Nf7 67. Bg7 Nd8 68. Bf6 Nf7 69. Bg6 1-0

[Event "Manhem Chessweek Elo"]
[Site "?"]
[Date "2018.08.14"]
[Round "4"]
[White "Degerfeldt, Sven"]
[Black "Bengtsson, Jonas"]
[Result "0-1"]
[WhiteElo "1954"]
[BlackElo "2086"]
[PlyCount "60"]

1. d4 Nf6 2. c4 e6 3. Nf3 b6 4. e3 Bb7 5. Bd3 d5 6. b3 Bd6 7. O-O O-O 8. Bb2
Nbd7 9. Nbd2 c5 10. Qe2 Ne4 11. Rac1 Qe7 12. Rfd1 Rac8 13. Bb1 Nxd2 14. Rxd2
cxd4 15. Nxd4 dxc4 16. Nb5 Bb8 17. Rxc4 Rxc4 18. bxc4 Nc5 19. Rd4 e5 20. Bxh7+
Kxh7 21. Qh5+ Kg8 22. Rh4 f6 23. Qh7+ Kf7 24. Qh5+ Ke6 25. f4 exf4 26. Nd4+ Kd7
27. Nf5 Qe4 28. Qd1+ Kc8 29. Rg4 Qxf5 30. Rxg7 Rd8 0-1

[Event "Manhem Chessweek Elo"]
[Site "?"]
[Date "2018.08.14"]
[Round "4"]
[White "Bohlin, Jan"]
[Black "Jacobsson, Lennart"]
[Result "1/2-1/2"]
[WhiteElo "1941"]
[BlackElo "1721"]
[PlyCount "77"]

1. c4 e5 2. g3 d6 3. Bg2 f5 4. Nc3 Nf6 5. d3 Be7 6. e3 O-O 7. Nge2 Na6 8. O-O
c6 9. e4 Kh8 10. Rb1 Nc5 11. f4 exf4 12. Bxf4 fxe4 13. dxe4 Ne6 14. Qd2 Nxf4
15. Nxf4 Ng4 16. Rbe1 Qb6+ 17. Kh1 Ne5 18. b3 Bd7 19. Nd1 a5 20. Ne3 a4 21. b4
a3 22. Nd3 Qd4 23. Rd1 Rxf1+ 24. Bxf1 Nxc4 25. Nxc4 Qxc4 26. Nc5 Qf7 27. Nxd7
Rd8 28. Nb6 Qe6 29. Bg2 Bf6 30. Qc2 Bb2 31. Nc4 b5 32. Nxb2 Qxa2 33. Qb1 Qxb2
34. Qxb2 axb2 35. Rb1 Ra8 36. Bf1 Ra2 37. Kg2 Kg8 38. Kf2 Kf7 39. Ke2 1/2-1/2

[Event "Manhem Chessweek Elo"]
[Site "?"]
[Date "2018.08.14"]
[Round "4"]
[White "Fransson, Lennart"]
[Black "Moller, Mikael"]
[Result "1/2-1/2"]
[WhiteElo "2024"]
[BlackElo "1965"]
[PlyCount "92"]

1. c4 e5 2. g3 Nf6 3. Bg2 d6 4. Nc3 g6 5. d3 Bg7 6. h3 O-O 7. e4 Nbd7 8. Nge2
Qe7 9. O-O c6 10. f4 Nb6 11. f5 d5 12. cxd5 cxd5 13. g4 d4 14. Nb1 gxf5 15. g5
Nfd7 16. exf5 f6 17. h4 Nc5 18. Ng3 Bd7 19. b4 Nca4 20. Bxb7 Rab8 21. Be4 Rbc8
22. b5 Qe8 23. Ba3 Nc5 24. Bxc5 Rxc5 25. a4 Kh8 26. Ra2 Nd5 27. Bxd5 Rxd5 28.
Rc2 Qe7 29. Qf3 Rc5 30. Rxc5 Qxc5 31. Nd2 Qc2 32. Nde4 Be8 33. Nxf6 Bxf6 34.
gxf6 Rg8 35. Kh1 Qxa4 36. Ne4 Qxb5 37. Nd6 Qb3 38. Qe4 Qa2 39. Nxe8 Rxe8 40.
Qb7 Rg8 41. Rg1 Rxg1+ 42. Kxg1 Qg8+ 43. Kf2 h5 44. Qxa7 Qg4 45. Qa8+ Kh7 46.
Qb7+ Kh6 1/2-1/2

[Event "Manhem Chessweek Elo"]
[Site "?"]
[Date "2018.08.14"]
[Round "4"]
[White "Berggren Torell, Harald"]
[Black "Alwaeli, Laith"]
[Result "1/2-1/2"]
[WhiteElo "2120"]
[BlackElo "2086"]
[PlyCount "91"]

1. e4 e6 2. d4 d5 3. Nd2 a6 4. Ngf3 c5 5. exd5 exd5 6. Qe2+ Be6 7. dxc5 Bxc5 8.
Nb3 Be7 9. Nfd4 Qd7 10. Nxe6 Qxe6 11. Nd4 Qxe2+ 12. Bxe2 g6 13. Bf3 Nf6 14. Bf4
Nc6 15. O-O-O O-O 16. Bg5 Kg7 17. Nb3 Rac8 18. Kb1 Rfe8 19. Bxf6+ Bxf6 20. c3
b5 21. a3 a5 22. Bxd5 b4 23. Bxc6 bxc3 24. Bxe8 c2+ 25. Ka2 cxd1=Q 26. Rxd1
Rxe8 27. Nxa5 Re2 28. Nc4 Rxf2 29. Rd2 Rf4 30. Kb3 Bd4 31. a4 h5 32. a5 h4 33.
h3 g5 34. a6 f5 35. Nd6 Bc5 36. Rd5 Rb4+ 37. Kc3 Bxd6 38. Rxd6 Ra4 39. b4 g4
40. b5 Ra2 41. Rd2 Ra1 42. Kb3 Ra5 43. Kb4 Ra1 44. hxg4 fxg4 45. Rd4 Rb1+ 46.
Ka5 1/2-1/2

[Event "Manhem Chessweek Elo"]
[Site "?"]
[Date "2018.08.15"]
[Round "5"]
[White "Alwaeli, Laith"]
[Black "Fransson, Lennart"]
[Result "1-0"]
[WhiteElo "2084"]
[BlackElo "2024"]
[PlyCount "35"]

1. Nf3 f5 2. e4 fxe4 3. Ng5 e6 4. d3 Be7 5. dxe4 Bxg5 6. Qh5+ g6 7. Qxg5 Qxg5
8. Bxg5 b6 9. Nc3 a6 10. O-O-O Nc6 11. f4 Nge7 12. Bh6 Bb7 13. g4 O-O-O 14. Bg2
d6 15. Rhf1 Rhe8 16. f5 gxf5 17. gxf5 Rg8 18. Bh3 1-0

[Event "Manhem Chessweek Elo"]
[Site "?"]
[Date "2018.08.15"]
[Round "5"]
[White "Bengtsson, Jonas"]
[Black "Bohlin, Jan"]
[Result "1-0"]
[WhiteElo "2086"]
[BlackElo "1941"]
[PlyCount "55"]

1. d4 Nf6 2. c4 e6 3. Nc3 Bb4 4. e3 O-O 5. Bd3 c5 6. Nf3 d5 7. O-O dxc4 8. Bxc4
cxd4 9. exd4 b6 10. Bg5 Bb7 11. Ne5 Nbd7 12. Qe2 Bxc3 13. bxc3 Rc8 14. Rac1
Nxe5 15. dxe5 Rc5 16. f4 Rxc4 17. exf6 g6 18. Rfd1 Qc7 19. Rd3 Qc6 20. Bh6 Re8
21. Qd2 Rc5 22. Re1 Rf5 23. Bg7 Rxf4 24. Rd8 Rf5 25. c4 Qc5+ 26. Kh1 Bc6 27.
Rxe8+ Bxe8 28. Qd8 1-0

[Event "Manhem Chessweek Elo"]
[Site "?"]
[Date "2018.08.15"]
[Round "5"]
[White "Jacobsson, Lennart"]
[Black "Berggren Torell, Harald"]
[Result "0-1"]
[WhiteElo "1721"]
[BlackElo "2120"]
[PlyCount "114"]

1. e4 g6 2. d4 d6 3. Nc3 Bg7 4. Bg5 a6 5. f4 b5 6. a3 Nd7 7. Nf3 Bb7 8. Be2 c5
9. d5 Nb6 10. Rb1 Nf6 11. Nd2 b4 12. axb4 cxb4 13. Na2 Nxe4 14. Nxe4 Bxd5 15.
Nxb4 Bxe4 16. Bf3 Bxf3 17. Qxf3 d5 18. O-O Qd6 19. Nd3 e6 20. Bh4 O-O 21. Bf2
Rac8 22. Qe2 Nc4 23. c3 Qc7 24. Rfe1 a5 25. Ne5 Nxe5 26. fxe5 Qc4 27. Qd2 a4
28. Bd4 Rc7 29. Ra1 Rb8 30. Qf2 Bf8 31. Red1 Rcb7 32. Rf1 Qb3 33. Ba7 Ra8 34.
Bd4 Qxb2 35. Qf6 a3 36. Qf3 a2 37. Qd3 Qb5 38. Qc2 Qb3 39. Qd3 Qc4 40. Qc2 Bc5
41. Qf2 Bxd4 42. cxd4 Ra4 43. Rfd1 Rb1 44. Raxb1 axb1=Q 45. Rxb1 Qxd4 46. Re1
Kg7 47. Kf1 Qxf2+ 48. Kxf2 g5 49. Kf3 h5 50. h3 Rf4+ 51. Kg3 h4+ 52. Kh2 Kg6
53. g3 Rf2+ 54. Kg1 hxg3 55. Re3 Rf4 56. Kg2 Re4 57. Rxg3 Rxe5 0-1

[Event "Manhem Chessweek Elo"]
[Site "?"]
[Date "2018.08.15"]
[Round "5"]
[White "Moller, Mikael"]
[Black "Degerfeldt, Sven"]
[Result "1-0"]
[WhiteElo "1965"]
[BlackElo "1954"]
[PlyCount "133"]

1. e4 c5 2. Nf3 d6 3. g3 Nc6 4. Bg2 g6 5. O-O Bg7 6. Re1 e5 7. c3 Nge7 8. Na3
O-O 9. Nc2 h6 10. d4 Bg4 11. Be3 b6 12. h3 Bxf3 13. Bxf3 Kh7 14. Bg2 Rc8 15.
Qd2 cxd4 16. cxd4 Na5 17. b3 f5 18. f3 f4 19. gxf4 exf4 20. Bf2 Qc7 21. Na3 Qd7
22. Rac1 g5 23. Bf1 Rxc1 24. Rxc1 Kh8 25. Kg2 Rc8 26. Bb5 Qd8 27. Ba6 Rxc1 28.
Qxc1 Nac6 29. Qc3 Nb8 30. Bb5 a6 31. Bd3 b5 32. Nc2 Nd7 33. Be2 Nf8 34. a4 bxa4
35. bxa4 a5 36. Bb5 Neg6 37. Kh2 Nh4 38. Ne1 Nfg6 39. Qc6 Qf6 40. Qa8+ Bf8 41.
Qxa5 h5 42. Bd7 Be7 43. Qb5 Qf7 44. Kg1 Qa2 45. Kf1 Qa3 46. Qd5 Qa1 47. Qb3 Kg7
48. Be8 Nh8 49. Bxh5 Bf6 50. Qb4 Kh6 51. Bg4 Nf7 52. Qc4 Kg7 53. Bh5 Ng6 54.
Kg2 Qa3 55. Nc2 Qc1 56. Ne3 Qxc4 57. Nxc4 Kh6 58. Bg4 d5 59. exd5 Be7 60. a5
Nd6 61. Ne5 Nb5 62. Bd7 Nc7 63. Bc6 Bb4 64. d6 Na6 65. Bb7 Nxe5 66. dxe5 Nb8
67. a6 1-0

[Event "Manhem Chessweek Elo"]
[Site "?"]
[Date "2018.08.16"]
[Round "6"]
[White "Berggren Torell, Harald"]
[Black "Bengtsson, Jonas"]
[Result "1/2-1/2"]
[WhiteElo "2120"]
[BlackElo "2086"]
[PlyCount "47"]

1. e4 c5 2. Nf3 e6 3. Nc3 a6 4. d4 cxd4 5. Nxd4 d6 6. Be3 Nf6 7. f3 b5 8. Qd2
Nbd7 9. g4 Nb6 10. Qf2 Nfd7 11. a4 b4 12. Nc6 Qc7 13. Nxb4 Bb7 14. a5 Nc4 15.
Bxc4 Qxc4 16. Ra4 Qc7 17. Nd3 Be7 18. g5 O-O 19. h4 d5 20. exd5 exd5 21. Bd4
Bd6 22. Kd2 Bc6 23. Raa1 Ne5 24. Nxe5 1/2-1/2

[Event "Manhem Chessweek Elo"]
[Site "?"]
[Date "2018.08.16"]
[Round "6"]
[White "Alwaeli, Laith"]
[Black "Jacobsson, Lennart"]
[Result "1-0"]
[WhiteElo "2084"]
[BlackElo "1721"]
[PlyCount "61"]

1. Nf3 d6 2. d4 Bg4 3. e4 Nd7 4. Bc4 e6 5. h3 Bxf3 6. Qxf3 g6 7. Nc3 Bg7 8. Be3
Ne7 9. O-O-O c6 10. h4 h6 11. Qg3 Nb6 12. Bb3 Qc7 13. h5 g5 14. f4 d5 15. Qf2
dxe4 16. fxg5 Nbd5 17. gxh6 Bxh6 18. Bxh6 Rxh6 19. Nxe4 Ng8 20. Qh4 Qf4+ 21.
Qxf4 Nxf4 22. Rh4 Ne2+ 23. Kd2 Nxd4 24. Nd6+ Ke7 25. Rxd4 Rxh5 26. Kc1 b5 27.
g4 Rg5 28. Rf4 Nf6 29. Nxf7 Rxg4 30. Rxg4 Nxg4 31. Re1 1-0

[Event "Manhem Chessweek Elo"]
[Site "?"]
[Date "2018.08.16"]
[Round "6"]
[White "Bohlin, Jan"]
[Black "Moller, Mikael"]
[Result "1/2-1/2"]
[WhiteElo "1941"]
[BlackElo "1965"]
[PlyCount "66"]

1. d4 f5 2. g3 e6 3. Bg2 Nf6 4. Nf3 Be7 5. O-O O-O 6. c4 d6 7. Nc3 Ne4 8. Qc2
Nxc3 9. Qxc3 a5 10. b3 Nc6 11. Bb2 Bf6 12. Rad1 Qe8 13. Qc2 e5 14. dxe5 dxe5
15. e3 e4 16. Nd4 Nb4 17. Qb1 Qe5 18. Ba3 Rd8 19. Bxb4 axb4 20. Rfe1 Bd7 21. f3
c5 22. fxe4 fxe4 23. Ne2 Bc6 24. Nf4 g6 25. Nd5 Bxd5 26. Rxd5 Rxd5 27. cxd5
Qxd5 28. Bxe4 Qd2 29. Qd1 Rxa2 30. Qxd2 Rxd2 31. Bxb7 Kf8 32. Ba6 Ke7 33. Bc4
Bg5 1/2-1/2

[Event "Manhem Chessweek Elo"]
[Site "?"]
[Date "2018.08.16"]
[Round "6"]
[White "Fransson, Lennart"]
[Black "Degerfeldt, Sven"]
[Result "0-1"]
[WhiteElo "2024"]
[BlackElo "1954"]
[PlyCount "68"]

1. f4 Nf6 2. Nf3 c5 3. e3 e6 4. b3 Be7 5. d3 O-O 6. Be2 b6 7. O-O Bb7 8. e4 d5
9. e5 Ne8 10. d4 cxd4 11. Nxd4 Nc6 12. c3 Nxd4 13. cxd4 f5 14. Ba3 Bxa3 15.
Nxa3 Qe7 16. Nb5 a6 17. Nc3 b5 18. Qd2 Kh8 19. Nd1 Rg8 20. Nb2 g5 21. fxg5 Rxg5
22. Nd3 Ng7 23. Rac1 Rc8 24. Rxc8+ Bxc8 25. Rc1 Bb7 26. Qa5 Ne8 27. Qb6 Rg7 28.
Nf4 Qg5 29. Rf1 Bc8 30. g3 Rg8 31. Kh1 Ng7 32. Rf3 Nh5 33. a4 Qh6 34. Kg2 Nxf4+
0-1

[Event "Manhem Chessweek Elo"]
[Site "?"]
[Date "2018.08.17"]
[Round "7"]
[White "Moller, Mikael"]
[Black "Berggren Torell, Harald"]
[Result "1/2-1/2"]
[WhiteElo "1965"]
[BlackElo "2120"]
[PlyCount "28"]

1. e4 d6 2. d4 Nf6 3. Nc3 g6 4. f4 Bg7 5. Nf3 O-O 6. Be3 a6 7. Bd3 b5 8. Ne2
Nbd7 9. h3 c5 10. c3 cxd4 11. cxd4 Bb7 12. Ng3 Qa5+ 13. Nd2 Ne8 14. O-O Qb6
1/2-1/2

[Event "Manhem Chessweek Elo"]
[Site "?"]
[Date "2018.08.17"]
[Round "7"]
[White "Jacobsson, Lennart"]
[Black "Fransson, Lennart"]
[Result "1/2-1/2"]
[WhiteElo "1721"]
[BlackElo "2024"]
[PlyCount "34"]

1. e4 c6 2. d4 d5 3. exd5 cxd5 4. Bd3 Nf6 5. c3 Bg4 6. Qb3 Qc8 7. Bf4 Nc6 8.
Nd2 e6 9. Ngf3 Be7 10. O-O O-O 11. Rfe1 Bh5 12. Ne5 Bg6 13. Nxg6 hxg6 14. h3 a6
15. a4 Na5 16. Qc2 Nc4 17. Nf3 Nd7 1/2-1/2

[Event "Manhem Chessweek Elo"]
[Site "?"]
[Date "2018.08.17"]
[Round "7"]
[White "Bengtsson, Jonas"]
[Black "Alwaeli, Laith"]
[Result "1-0"]
[WhiteElo "2086"]
[BlackElo "2084"]
[PlyCount "87"]

1. d4 e6 2. c4 Nf6 3. Nc3 d5 4. cxd5 exd5 5. Bg5 c6 6. Qc2 Be7 7. e3 Nbd7 8.
Bd3 O-O 9. Nge2 Re8 10. O-O Nf8 11. f3 Be6 12. Rad1 Ng6 13. a3 Rc8 14. b4 a5
15. Rb1 axb4 16. axb4 Nh5 17. Bxe7 Qxe7 18. Qd2 f5 19. Rfe1 Qg5 20. g3 Bd7 21.
Kf2 Nf6 22. Ng1 Re7 23. Re2 Rf8 24. Kg2 Ne4 25. fxe4 fxe4 26. Bc2 Ref7 27. Nxe4
dxe4 28. Bb3 Bg4 29. Rf2 Bf3+ 30. Nxf3 exf3+ 31. Kh1 Qf5 32. Rbf1 Qe4 33. Rxf3
Kh8 34. Bxf7 Rxf7 35. Qg2 Rxf3 36. Qxf3 Qe7 37. e4 h6 38. Qf5 Qd6 39. Kg2 b6
40. h4 c5 41. bxc5 bxc5 42. Qxc5 Qa6 43. Qf5 Kg8 44. h5 1-0

[Event "Manhem Chessweek Elo"]
[Site "?"]
[Date "2018.08.17"]
[Round "7"]
[White "Degerfeldt, Sven"]
[Black "Bohlin, Jan"]
[Result "1-0"]
[WhiteElo "1954"]
[BlackElo "1941"]
[PlyCount "109"]

1. d4 Nf6 2. c4 e6 3. Nc3 Bb4 4. Qc2 d5 5. cxd5 exd5 6. Bg5 c5 7. e3 h6 8. Bb5+
Bd7 9. Bxd7+ Nbxd7 10. Bh4 Qa5 11. Nge2 O-O 12. O-O Rac8 13. Qf5 cxd4 14. exd4
Rfe8 15. Rfd1 g6 16. Qh3 Bf8 17. a3 Bg7 18. Qd3 g5 19. Bg3 Qd8 20. f3 Nb6 21.
b3 Nh5 22. Bf2 Qf6 23. a4 Qe6 24. Re1 Qd7 25. a5 Na8 26. g4 Nf4 27. Nxf4 gxf4
28. Re2 Nc7 29. Rae1 Ne6 30. Kg2 Qc6 31. Na2 a6 32. Rc1 Qd6 33. Rec2 Rxc2 34.
Rxc2 Qa3 35. Qc3 Qd6 36. Nc1 Qe7 37. Nd3 Qf6 38. Ne5 Qd8 39. b4 Qd6 40. Nd3 Qe7
41. Nc5 Nxc5 42. bxc5 f5 43. h3 fxg4 44. hxg4 h5 45. c6 bxc6 46. Qxc6 Qf7 47.
g5 Re7 48. Rb2 Qf5 49. Bh4 Re6 50. Qc8+ Kh7 51. Qc7 Qd3 52. Qxf4 Re2+ 53. Rxe2
Qxe2+ 54. Bf2 Qe7 55. Qf5+ 1-0